00283pab a2200121 454500008004000000100001900040245003000059260000900089300001200098362001200110650001500122773002400137180718b2009 xxu||||| |||| 00| 0 eng d aSaigol, Rubina aThe myth of media freedom c2009 ap.6-21. aJan-Mar aMass media aSouth Asian Journal